00866cam a2200253 a 450000100100000000500170001000800410002703500190006803500200008704000300010708200220013710000350015924500550019425000120024926000450026130000270030649000270033365100390036083000350039991000290043404900090046395201250047299900150059700000922420200929161525.0860828s1971 ck a 001 0 ita d a(DLC) 38018674 a(OCoLC)14159411 aDO-SdBNPbspacOCUdBNPHU a945bG643h, 1971.1 aGonzález, Fernando de92391913aEl hermafrodita dormido /cFernando de González. a2a. ed. aMedellín, (Colombia) :bBedout,c1971. a222 p :bil. ;c19 cm.1 aBolsilibros Bedoutv94 4aItaliaxDescripción Viaje923920 0aBolsilibros Bedout ;v9493750 aCatalogación derivada. aBNGR 001052708MOaGRbGRcCTd2009-09-28iLF1l0o945 G643h, 1971.p9224-10r2020-06-25w2020-06-25y2ZPréstamo interno c8987d8987